[Event "Russian Rapid Team Championship (m)"]
[Site "Sochi"]
[Date "2022.10.18"]
[Round "2.7"]
[White "Timofeev, Artyom"]
[Black "Pershin, Denis"]
[Result "1-0"]
[BlackElo "2345"]
[WhiteElo "2560"]
[LiveChessVersion "1.4.8"]

1. e4 {[%clk 0:15:18]} c6 {[%clk 0:15:01]} 2. d4 {[%clk 0:15:06]} d5
{[%clk 0:15:10]} 3. exd5 {[%clk 0:15:14]} cxd5 {[%clk 0:15:18]} 4. Bd3
{[%clk 0:15:21]} Nc6 {[%clk 0:15:26]} 5. c3 {[%clk 0:15:28]} Nf6 {[%clk 0:14:59]}
6. h3 {[%clk 0:15:33]} e5 {[%clk 0:15:03]} 7. dxe5 {[%clk 0:15:35]} Nxe5
{[%clk 0:15:11]} 8. Nf3 {[%clk 0:15:39]} Nxd3+ {[%clk 0:14:53]} 9. Qxd3
{[%clk 0:15:47]} Bd6 {[%clk 0:13:59]} 10. O-O {[%clk 0:15:41]} O-O
{[%clk 0:13:30]} 11. Nbd2 {[%clk 0:15:32]} Bc7 {[%clk 0:10:57]} 12. Rd1
{[%clk 0:15:07]} Ne4 {[%clk 0:09:39]} 13. Nf1 {[%clk 0:14:31]} Be6
{[%clk 0:08:16]} 14. Be3 {[%clk 0:13:28]} Qe7 {[%clk 0:08:07]} 15. N1d2
{[%clk 0:13:13]} f5 {[%clk 0:06:52]} 16. Bd4 {[%clk 0:12:52]} Bf7
{[%clk 0:06:49]} 17. Re1 {[%clk 0:11:58]} Rfe8 {[%clk 0:06:57]} 18. Nh2
{[%clk 0:11:39]} Qd6 {[%clk 0:06:40]} 19. Nhf1 {[%clk 0:11:24]} g6
{[%clk 0:05:25]} 20. f3 {[%clk 0:09:21]} Ng5 21. Nb3 Ne6 {[%clk 0:05:38]} 22. Bf2
{[%clk 0:07:04]} Rad8 {[%clk 0:05:21]} 23. Nd4 {[%clk 0:06:33]} Nf4
{[%clk 0:03:58]} 24. Qd2 {[%clk 0:05:21]} Qd7 {[%clk 0:04:03]} 25. Bg3 g5 26. h4
{[%clk 0:05:01]} h6 {[%clk 0:04:10]} 27. hxg5 {[%clk 0:04:49]} hxg5
{[%clk 0:04:19]} 28. Rxe8+ {[%clk 0:04:33]} Rxe8 {[%clk 0:04:28]} 29. Re1
{[%clk 0:04:40]} Rxe1 {[%clk 0:03:54]} 30. Bxe1 {[%clk 0:04:33]} Bd8
{[%clk 0:01:23]} 31. Bg3 {[%clk 0:03:38]} Nh5 {[%clk 0:01:09]} 32. Bb8
{[%clk 0:03:42]} f4 {[%clk 0:00:55]} 33. Qe1 {[%clk 0:03:04]} a6 {[%clk 0:00:43]}
34. Nh2 {[%clk 0:02:58]} Bf6 {[%clk 0:00:41]} 35. Be5 {[%clk 0:02:58]} Qe8
{[%clk 0:00:24]} 36. Ng4 {[%clk 0:03:06]} Bxe5 {[%clk 0:00:23]} 37. Qxe5
{[%clk 0:03:11]} Qxe5 {[%clk 0:00:30]} 38. Nxe5 {[%clk 0:03:20]} Nf6
{[%clk 0:00:26]} 39. Kf2 {[%clk 0:03:16]} Kf8 {[%clk 0:00:11]} 40. g3
{[%clk 0:02:34]} fxg3+ {[%clk 0:00:14]} 41. Kxg3 {[%clk 0:02:42]} Ke8
{[%clk 0:00:18]} 42. Nf5 {[%clk 0:02:44]} Bh5 {[%clk 0:00:11]} 43. Nd6+
{[%clk 0:02:45]} Kd8 {[%clk 0:00:17]} 44. Ndf7+ {[%clk 0:02:32]} Bxf7
{[%clk 0:00:20]} 45. Nxf7+ {[%clk 0:02:40]} Ke7 {[%clk 0:00:26]} 46. Nxg5
{[%clk 0:02:49]} Nd7 {[%clk 0:00:34]} 47. Kf4 {[%clk 0:02:02]} Kf6
{[%clk 0:00:29]} 48. Nh3 {[%clk 0:02:05]} Nc5 {[%clk 0:00:36]} 49. b3
{[%clk 0:01:43]} a5 {[%clk 0:00:14]} 50. Ke3 {[%clk 0:01:43]} Ke5
{[%clk 0:00:20]} 51. Nf4 {[%clk 0:01:49]} Kd6 {[%clk 0:00:16]} 52. Kd4
{[%clk 0:01:01]} a4 {[%clk 0:00:26]} 53. bxa4 {[%clk 0:00:53]} Nxa4
{[%clk 0:00:16]} 54. Nxd5 {[%clk 0:01:01]} Nc5 {[%clk 0:00:24]} 55. Nf4
{[%clk 0:00:38]} b5 {[%clk 0:00:23]} 56. Ke3 {[%clk 0:00:31]} Na4
{[%clk 0:00:22]} 57. Ne2 {[%clk 0:00:38]} Ke5 {[%clk 0:00:24]} 58. f4+
{[%clk 0:00:44]} Kd5 {[%clk 0:00:33]} 59. Kd3 {[%clk 0:00:41]} Nc5+
{[%clk 0:00:39]} 60. Kc2 {[%clk 0:00:44]} Ke4 {[%clk 0:00:46]} 61. f5
{[%clk 0:00:37]} Nd7 {[%clk 0:00:11]} 62. Kb3 {[%clk 0:00:38]} Kxf5
{[%clk 0:00:16]} 63. Nd4+ {[%clk 0:00:41]} Ke5 {[%clk 0:00:25]} 64. Nxb5
{[%clk 0:00:49]} Kd5 {[%clk 0:00:34]} 65. Kb4 {[%clk 0:00:55]} Kc6
{[%clk 0:00:43]} 66. Nd4+ {[%clk 0:01:03]} Kb6 {[%clk 0:00:53]} 67. a4
{[%clk 0:01:10]} Ne5 {[%clk 0:00:57]} 68. a5+ {[%clk 0:00:41]} Ka6
{[%clk 0:01:05]} 69. Nb3 {[%clk 0:00:49]} Nd3+ {[%clk 0:01:05]} 70. Kc4
{[%clk 0:00:56]} Nb2+ {[%clk 0:01:13]} 71. Kc5 {[%clk 0:00:58]} Nd3+
{[%clk 0:00:53]} 72. Kd5 {[%clk 0:01:06]} Nf4+ {[%clk 0:00:18]} 73. Kc4
{[%clk 0:01:11]} Ng6 {[%clk 0:00:12]} 74. Kb4 {[%clk 0:01:20]} Ne5
{[%clk 0:00:19]} 75. Nc5+ {[%clk 0:01:28]} Ka7 {[%clk 0:00:26]} 76. Kb5
{[%clk 0:01:34]} Nf7 {[%clk 0:00:30]} 77. Ne4 {[%clk 0:01:42]} Kb7
{[%clk 0:00:19]} 78. c4 {[%clk 0:01:49]} Ne5 {[%clk 0:00:24]} 79. Nc3
{[%clk 0:01:21]} Ka7 {[%clk 0:00:15]} 80. c5 {[%clk 0:01:19]} Kb7
{[%clk 0:00:21]} 81. Nd5 {[%clk 0:01:27]} Ka7 {[%clk 0:00:12]} 82. Nb4
{[%clk 0:01:29]} Kb7 {[%clk 0:00:15]} 83. c6+ {[%clk 0:01:20]} Ka7
{[%clk 0:00:15]} 84. Kc5 {[%clk 0:01:28]} Kb8 {[%clk 0:00:15]} 85. a6
{[%clk 0:01:01]} Nf7 {[%clk 0:00:11]} 86. Kb6 {[%clk 0:01:00]} Nd6
{[%clk 0:00:20]} 87. c7+ {[%clk 0:00:56]} Ka8 {[%clk 0:00:14]} 88. Kc6
{[%clk 0:00:58]} Nc8 {[%clk 0:00:13]} 89. Kd7 {[%clk 0:00:59]} Nb6+
{[%clk 0:00:12]} 90. Kd8 {[%clk 0:01:07]} Ka7 {[%clk 0:00:13]} 91. Nd5
{[%clk 0:00:56]} 1-0

[Event "Russian Rapid Team Championship (m)"]
[Site "Sochi"]
[Date "2022.10.18"]
[Round "2.8"]
[White "Timerkhanov, Alexander"]
[Black "Faizrakhmanov, Ramil"]
[Result "0-1"]
[BlackElo "2475"]
[WhiteElo "2341"]
[LiveChessVersion "1.4.8"]

1. d4 {[%clk 0:15:15]} Nf6 {[%clk 0:15:19]} 2. Bg5 {[%clk 0:15:23]} e6
{[%clk 0:15:21]} 3. Nd2 {[%clk 0:15:29]} c5 {[%clk 0:15:17]} 4. e3
{[%clk 0:15:36]} cxd4 {[%clk 0:15:19]} 5. exd4 {[%clk 0:15:44]} h6
{[%clk 0:15:10]} 6. Bxf6 {[%clk 0:15:00]} Qxf6 {[%clk 0:15:17]} 7. Ngf3
{[%clk 0:14:57]} d5 {[%clk 0:14:58]} 8. Bd3 {[%clk 0:14:53]} Nc6 {[%clk 0:15:02]}
9. c3 {[%clk 0:15:02]} Bd6 {[%clk 0:15:06]} 10. O-O {[%clk 0:15:00]} O-O
{[%clk 0:15:10]} 11. Re1 {[%clk 0:15:00]} b6 {[%clk 0:14:51]} 12. Qe2
{[%clk 0:14:44]} Bb7 {[%clk 0:14:49]} 13. Nf1 {[%clk 0:11:52]} a6
{[%clk 0:13:38]} 14. Ne3 {[%clk 0:11:32]} h5 {[%clk 0:13:22]} 15. h4
{[%clk 0:11:11]} g6 {[%clk 0:13:19]} 16. g3 {[%clk 0:09:44]} Rfe8
{[%clk 0:13:26]} 17. Ng5 {[%clk 0:09:33]} b5 {[%clk 0:12:38]} 18. a3
{[%clk 0:09:19]} Na5 {[%clk 0:12:23]} 19. f4 {[%clk 0:09:08]} Nc4
{[%clk 0:12:12]} 20. Rf1 {[%clk 0:08:44]} a5 {[%clk 0:11:33]} 21. Nxc4
{[%clk 0:06:25]} dxc4 {[%clk 0:11:21]} 22. Be4 {[%clk 0:06:18]} Qe7
{[%clk 0:09:38]} 23. Rae1 {[%clk 0:04:05]} Bxe4 {[%clk 0:08:07]} 24. Nxe4
{[%clk 0:04:05]} Rad8 {[%clk 0:07:16]} 25. Rf2 {[%clk 0:03:45]} Kg7
{[%clk 0:06:36]} 26. Qf3 {[%clk 0:03:15]} b4 {[%clk 0:06:20]} 27. axb4
{[%clk 0:03:24]} axb4 {[%clk 0:06:28]} 28. Rfe2 {[%clk 0:03:30]} Qb7
{[%clk 0:05:59]} 29. Re3 {[%clk 0:03:19]} Re7 {[%clk 0:05:15]} 30. Qe2
{[%clk 0:03:15]} Rc7 {[%clk 0:04:43]} 31. Nd2 {[%clk 0:01:58]} Qd5
{[%clk 0:04:45]} 32. Nf3 {[%clk 0:02:00]} bxc3 {[%clk 0:04:36]} 33. bxc3
{[%clk 0:02:09]} Rb8 {[%clk 0:04:26]} 34. Ne5 {[%clk 0:02:17]} Ba3
{[%clk 0:03:13]} 35. Qg2 {[%clk 0:00:54]} Rb3 {[%clk 0:02:21]} 36. Nf3
{[%clk 0:00:30]} Bb2 {[%clk 0:02:15]} 37. Re5 {[%clk 0:00:36]} Qb7
{[%clk 0:02:14]} 38. R1e2 {[%clk 0:00:28]} Bxc3 {[%clk 0:02:19]} 39. g4
{[%clk 0:00:37]} Ba1 {[%clk 0:02:14]} 40. d5 {[%clk 0:00:33]} Bxe5
{[%clk 0:02:17]} 41. Nxe5 {[%clk 0:00:42]} Qxd5 {[%clk 0:02:23]} 0-1

[Event "Russian Rapid Team Championship (m)"]
[Site "Sochi"]
[Date "2022.10.18"]
[Round "2.9"]
[White "Afanasiev, Nikita"]
[Black "Zakhartsov, Vladimir"]
[Result "1/2-1/2"]
[BlackElo "2435"]
[WhiteElo "2535"]
[LiveChessVersion "1.4.8"]

1. e4 {[%clk 0:15:17]} c5 {[%clk 0:15:18]} 2. Nf3 {[%clk 0:15:22]} Nc6
{[%clk 0:15:27]} 3. Bb5 {[%clk 0:15:25]} g6 {[%clk 0:15:35]} 4. O-O
{[%clk 0:15:32]} Bg7 {[%clk 0:15:44]} 5. Re1 {[%clk 0:15:39]} e5 {[%clk 0:15:48]}
6. Bxc6 {[%clk 0:15:45]} dxc6 {[%clk 0:15:54]} 7. a4 {[%clk 0:15:52]} a5
{[%clk 0:16:02]} 8. Na3 {[%clk 0:15:54]} Qc7 {[%clk 0:16:01]} 9. d3
{[%clk 0:15:48]} Ne7 {[%clk 0:15:27]} 10. Be3 {[%clk 0:14:36]} b6
{[%clk 0:15:35]} 11. h3 {[%clk 0:14:18]} h6 {[%clk 0:15:27]} 12. Nc4
{[%clk 0:13:36]} Be6 {[%clk 0:15:31]} 13. Nfd2 {[%clk 0:13:05]} Rb8
{[%clk 0:14:30]} 14. Rf1 {[%clk 0:13:01]} g5 {[%clk 0:14:30]} 15. Qh5
{[%clk 0:09:59]} Ng6 {[%clk 0:13:14]} 16. g3 {[%clk 0:09:31]} Nf4
{[%clk 0:11:17]} 17. gxf4 {[%clk 0:06:36]} exf4 {[%clk 0:11:26]} 18. e5
{[%clk 0:06:12]} fxe3 {[%clk 0:10:55]} 19. Nd6+ {[%clk 0:04:07]} Kf8
{[%clk 0:11:02]} 20. fxe3 {[%clk 0:03:37]} Bxe5 {[%clk 0:11:05]} 21. Nf5
{[%clk 0:03:46]} Bxb2 {[%clk 0:10:13]} 22. Rab1 {[%clk 0:03:54]} Qe5
{[%clk 0:09:28]} 23. e4 {[%clk 0:03:51]} Bc3 {[%clk 0:08:48]} 24. Nf3
{[%clk 0:03:50]} Qc7 {[%clk 0:08:12]} 25. Nh2 {[%clk 0:03:24]} f6
{[%clk 0:07:51]} 26. Kh1 {[%clk 0:02:53]} Be5 {[%clk 0:06:56]} 27. Nf3
{[%clk 0:02:20]} Bf7 {[%clk 0:06:14]} 28. Qg4 {[%clk 0:02:28]} h5
{[%clk 0:05:55]} 29. Qg1 {[%clk 0:02:27]} Bf4 {[%clk 0:06:00]} 30. d4
{[%clk 0:02:34]} g4 {[%clk 0:05:36]} 31. Ne1 {[%clk 0:02:16]} cxd4
{[%clk 0:05:37]} 32. Qxd4 {[%clk 0:02:14]} Be5 {[%clk 0:05:45]} 33. Qe3
{[%clk 0:02:20]} c5 {[%clk 0:05:24]} 34. Nd3 {[%clk 0:02:18]} Re8
{[%clk 0:05:33]} 35. Rbd1 {[%clk 0:01:48]} Bg6 {[%clk 0:04:55]} 36. Nh4
{[%clk 0:01:40]} Kg7 {[%clk 0:04:58]} 37. Nxg6 {[%clk 0:01:43]} Kxg6
{[%clk 0:05:07]} 38. Rf5 {[%clk 0:01:52]} c4 {[%clk 0:04:18]} 39. Nxe5+
{[%clk 0:01:43]} Rxe5 {[%clk 0:04:27]} 40. Rdf1 {[%clk 0:01:52]} Rxf5
{[%clk 0:04:22]} 41. exf5+ {[%clk 0:01:33]} Kg7 {[%clk 0:04:00]} 42. Qe4
{[%clk 0:01:41]} Qe5 {[%clk 0:03:24]} 43. Qxc4 {[%clk 0:01:41]} Rd8
{[%clk 0:03:30]} 44. hxg4 {[%clk 0:01:14]} Rd4 {[%clk 0:03:02]} 45. Qe6
{[%clk 0:00:50]} Qxe6 {[%clk 0:02:53]} 46. fxe6 {[%clk 0:00:59]} hxg4
{[%clk 0:03:01]} 47. e7 {[%clk 0:00:36]} Re4 {[%clk 0:03:03]} 48. Rf4
{[%clk 0:00:46]} Rxe7 {[%clk 0:02:55]} 49. Rxg4+ {[%clk 0:00:55]} Kf7
{[%clk 0:03:04]} 50. Rc4 {[%clk 0:01:04]} Re6 {[%clk 0:02:24]} 51. Kg2
{[%clk 0:01:03]} Ke7 {[%clk 0:02:33]} 52. Kf3 {[%clk 0:00:59]} Kd7
{[%clk 0:02:43]} 53. Kf4 {[%clk 0:00:58]} Re5 {[%clk 0:02:21]} 54. Rd4+
{[%clk 0:00:54]} Kc6 {[%clk 0:02:29]} 55. Rd8 {[%clk 0:00:38]} Rd5
{[%clk 0:01:18]} 56. Rc8+ {[%clk 0:00:37]} Kd6 {[%clk 0:01:21]} 57. Ke3
{[%clk 0:00:30]} Rc5 {[%clk 0:01:11]} 58. Rf8 {[%clk 0:00:33]} Ke7
{[%clk 0:01:01]} 59. Rb8 {[%clk 0:00:41]} Rc6 {[%clk 0:00:54]} 60. Kd4
{[%clk 0:00:46]} Rd6+ {[%clk 0:00:55]} 61. Ke4 {[%clk 0:00:45]} Kd7
{[%clk 0:01:02]} 62. c4 {[%clk 0:00:50]} Kc7 {[%clk 0:00:35]} 63. Rf8
{[%clk 0:00:57]} Kc6 {[%clk 0:00:43]} 64. Rc8+ {[%clk 0:01:06]} Kd7
{[%clk 0:00:52]} 65. Rb8 {[%clk 0:01:14]} Kc7 {[%clk 0:00:37]} 66. Rf8
{[%clk 0:01:22]} Kb7 {[%clk 0:00:45]} 67. Re8 {[%clk 0:01:21]} Rc6
{[%clk 0:00:36]} 68. Kd4 {[%clk 0:01:23]} Rd6+ {[%clk 0:00:45]} 69. Ke4
{[%clk 0:01:33]} Rd1 {[%clk 0:00:44]} 70. Rf8 {[%clk 0:01:40]} Rf1
{[%clk 0:00:34]} 71. Kd5 {[%clk 0:01:47]} Rf5+ {[%clk 0:00:34]} 72. Ke4
{[%clk 0:01:55]} Rf1 {[%clk 0:00:38]} 73. Kd5 {[%clk 0:02:04]} Rd1+
{[%clk 0:00:47]} 74. Ke4 {[%clk 0:02:07]} Kc6 {[%clk 0:00:56]} 75. Rc8+
{[%clk 0:02:14]} Kd7 {[%clk 0:01:01]} 76. Rb8 {[%clk 0:02:22]} Rd6
{[%clk 0:00:57]} 77. Rf8 {[%clk 0:02:31]} Kc7 {[%clk 0:00:46]} 78. Re8
{[%clk 0:02:14]} Rd2 {[%clk 0:00:52]} 79. Rf8 {[%clk 0:02:18]} Rf2
{[%clk 0:00:33]} 80. Kd5 {[%clk 0:02:26]} Kb7 {[%clk 0:00:34]} 81. Rf7+
{[%clk 0:02:17]} Ka6 {[%clk 0:00:42]} 82. Rf8 {[%clk 0:01:31]} Rf5+
{[%clk 0:00:51]} 83. Ke4 {[%clk 0:01:20]} Rf1 {[%clk 0:01:00]} 84. Kd5
{[%clk 0:01:29]} Rf4 {[%clk 0:00:56]} 85. Rf7 {[%clk 0:01:21]} Rf5+
{[%clk 0:00:53]} 86. Ke4 {[%clk 0:01:17]} Rf1 {[%clk 0:00:55]} 87. Kd5
{[%clk 0:01:26]} Rd1+ {[%clk 0:00:58]} 88. Ke4 {[%clk 0:01:18]} Rd6
{[%clk 0:00:31]} 89. Rc7 {[%clk 0:01:18]} Re6+ {[%clk 0:00:22]} 90. Kd4
{[%clk 0:01:26]} Re5 {[%clk 0:00:20]} 91. Rf7 {[%clk 0:01:28]} Rf5
{[%clk 0:00:27]} 92. Ke4 {[%clk 0:01:37]} Rf1 {[%clk 0:00:23]} 93. Kd5
{[%clk 0:01:40]} f5 {[%clk 0:00:28]} 94. Rf8 {[%clk 0:01:41]} Rf4
{[%clk 0:00:18]} 95. Rf7 {[%clk 0:01:48]} Rf1 {[%clk 0:00:18]} 96. Rf8
{[%clk 0:01:57]} Rf4 {[%clk 0:00:16]} 97. Rf7 {[%clk 0:02:04]} Rf2
{[%clk 0:00:13]} 98. Rf8 {[%clk 0:02:10]} Ka7 {[%clk 0:00:13]} 99. Rf7+
{[%clk 0:02:17]} Ka8 {[%clk 0:00:18]} 100. Kc6 {[%clk 0:02:22]} Rb2
{[%clk 0:00:27]} 101. Rxf5 {[%clk 0:02:20]} Ka7 {[%clk 0:00:32]} 102. Rf7+
{[%clk 0:02:17]} Ka6 {[%clk 0:00:39]} 103. Rf8 {[%clk 0:02:17]} Ka7
{[%clk 0:00:49]} 104. Rf7+ {[%clk 0:02:24]} 1/2-1/2

[Event "Russian Rapid Team Championship (m)"]
[Site "Sochi"]
[Date "2022.10.18"]
[Round "2.10"]
[White "Zakhartsov, Viacheslav V."]
[Black "Tsydypov, Zhamsaran"]
[Result "0-1"]
[BlackElo "2554"]
[WhiteElo "2414"]
[LiveChessVersion "1.4.8"]

1. d4 {[%clk 0:15:18]} g6 {[%clk 0:15:08]} 2. e4 {[%clk 0:15:21]} Bg7
{[%clk 0:15:16]} 3. c4 {[%clk 0:15:28]} c5 {[%clk 0:15:12]} 4. d5
{[%clk 0:15:34]} d6 {[%clk 0:15:19]} 5. Nc3 {[%clk 0:15:25]} e6 {[%clk 0:15:27]}
6. Bd3 {[%clk 0:14:34]} Ne7 {[%clk 0:15:31]} 7. h3 {[%clk 0:13:49]} O-O
{[%clk 0:15:31]} 8. Nf3 {[%clk 0:13:58]} Na6 {[%clk 0:14:08]} 9. Be3
{[%clk 0:11:49]} exd5 {[%clk 0:13:57]} 10. cxd5 {[%clk 0:10:39]} f5
{[%clk 0:13:55]} 11. Qd2 {[%clk 0:09:59]} Nb4 {[%clk 0:13:48]} 12. Bb1
{[%clk 0:08:30]} fxe4 {[%clk 0:13:34]} 13. Bxe4 {[%clk 0:08:39]} Nf5
{[%clk 0:13:31]} 14. Bg5 {[%clk 0:08:19]} Qe8 {[%clk 0:13:27]} 15. O-O
{[%clk 0:08:02]} Bxc3 {[%clk 0:11:42]} 16. bxc3 {[%clk 0:08:12]} Qxe4
{[%clk 0:11:51]} 17. cxb4 {[%clk 0:08:20]} Qxb4 {[%clk 0:11:59]} 18. Qxb4
{[%clk 0:05:58]} cxb4 {[%clk 0:12:07]} 19. g4 {[%clk 0:05:41]} h6
{[%clk 0:12:10]} 20. Bd2 {[%clk 0:05:04]} Ne7 {[%clk 0:12:01]} 21. Nd4
{[%clk 0:04:16]} Nxd5 {[%clk 0:12:02]} 22. Bxh6 {[%clk 0:04:25]} Rf7
{[%clk 0:11:37]} 23. Bg5 {[%clk 0:04:34]} Bd7 {[%clk 0:11:35]} 24. Rfe1
{[%clk 0:03:48]} Rc8 {[%clk 0:10:49]} 25. Rac1 {[%clk 0:03:57]} Nc3
{[%clk 0:10:37]} 26. Rc2 {[%clk 0:03:31]} Rc4 {[%clk 0:10:31]} 27. Be3
{[%clk 0:02:40]} Re7 {[%clk 0:09:54]} 28. Nb3 {[%clk 0:02:29]} d5
{[%clk 0:09:29]} 29. Rd2 {[%clk 0:02:16]} b6 {[%clk 0:09:25]} 30. Ra1
{[%clk 0:02:11]} Bc6 {[%clk 0:08:12]} 31. Nd4 {[%clk 0:02:07]} Bb7
{[%clk 0:08:11]} 32. Kh2 {[%clk 0:01:55]} a5 {[%clk 0:08:11]} 33. Rb2
{[%clk 0:01:34]} Re4 {[%clk 0:07:58]} 34. Rd2 {[%clk 0:01:37]} Re8
{[%clk 0:06:11]} 35. Rb2 {[%clk 0:01:27]} Na4 {[%clk 0:05:26]} 36. Rd2
{[%clk 0:01:22]} Nc5 {[%clk 0:05:33]} 37. Rb1 {[%clk 0:01:23]} Ne4
{[%clk 0:05:38]} 38. Rdb2 {[%clk 0:01:26]} Nc3 {[%clk 0:05:20]} 39. Ra1
{[%clk 0:01:33]} Ba6 {[%clk 0:04:16]} 40. a3 {[%clk 0:01:19]} Na4
{[%clk 0:03:24]} 41. Rd2 {[%clk 0:01:27]} bxa3 {[%clk 0:03:11]} 42. Rxa3
{[%clk 0:01:36]} Kf7 {[%clk 0:01:55]} 43. Rda2 {[%clk 0:01:29]} Nc5
{[%clk 0:01:59]} 44. Rb2 {[%clk 0:01:35]} Rb4 {[%clk 0:01:32]} 45. Rxb4
{[%clk 0:01:34]} axb4 {[%clk 0:01:41]} 46. Ra1 {[%clk 0:01:33]} Bd3
{[%clk 0:01:33]} 47. Rd1 {[%clk 0:01:04]} Bc4 {[%clk 0:01:33]} 48. Ra1
{[%clk 0:01:11]} b3 {[%clk 0:01:40]} 49. Bd2 {[%clk 0:01:13]} Nd3
{[%clk 0:01:35]} 50. Ra7+ {[%clk 0:01:12]} Re7 {[%clk 0:01:41]} 51. Rxe7+
{[%clk 0:01:00]} Kxe7 {[%clk 0:01:50]} 52. Ne2 {[%clk 0:01:05]} d4
{[%clk 0:01:33]} 0-1

[Event "Russian Rapid Team Championship (m)"]
[Site "Sochi"]
[Date "2022.10.18"]
[Round "2.11"]
[White "Rozum, Ivan"]
[Black "Kukhmazov, Arsen"]
[Result "1/2-1/2"]
[BlackElo "2459"]
[WhiteElo "2540"]
[LiveChessVersion "1.4.8"]

1. Nf3 {[%clk 0:15:11]} d5 {[%clk 0:15:19]} 2. g3 {[%clk 0:15:18]} g6
{[%clk 0:15:26]} 3. Bg2 {[%clk 0:15:25]} Bg7 {[%clk 0:15:34]} 4. d4
{[%clk 0:15:33]} Nf6 {[%clk 0:15:42]} 5. O-O {[%clk 0:15:40]} O-O
{[%clk 0:15:51]} 6. c4 {[%clk 0:15:44]} c6 {[%clk 0:15:59]} 7. b3
{[%clk 0:15:31]} dxc4 {[%clk 0:16:08]} 8. bxc4 {[%clk 0:15:40]} c5
{[%clk 0:16:17]} 9. Bb2 {[%clk 0:15:48]} Qb6 {[%clk 0:16:26]} 10. Qc1
{[%clk 0:15:04]} cxd4 {[%clk 0:16:04]} 11. Nxd4 {[%clk 0:14:55]} Na6
{[%clk 0:14:48]} 12. Nd2 {[%clk 0:13:37]} Nc5 {[%clk 0:14:24]} 13. Rb1
{[%clk 0:13:32]} a6 {[%clk 0:13:58]} 14. Ba3 {[%clk 0:12:53]} Qc7
{[%clk 0:13:57]} 15. N2b3 {[%clk 0:11:41]} Nxb3 {[%clk 0:12:27]} 16. axb3
{[%clk 0:11:40]} Ng4 {[%clk 0:11:47]} 17. Rd1 {[%clk 0:10:47]} Rd8
{[%clk 0:11:48]} 18. e3 {[%clk 0:10:49]} Ne5 {[%clk 0:08:52]} 19. h3
{[%clk 0:10:39]} Rb8 {[%clk 0:04:34]} 20. Qc2 {[%clk 0:09:56]} Bf6
{[%clk 0:04:14]} 21. Rd2 {[%clk 0:08:29]} Bd7 {[%clk 0:04:12]} 22. Rbd1
{[%clk 0:08:31]} Nc6 {[%clk 0:04:17]} 23. Ne2 {[%clk 0:06:32]} Be8
{[%clk 0:03:59]} 24. Nf4 {[%clk 0:06:23]} Qa5 {[%clk 0:03:53]} 25. Qc1
{[%clk 0:05:41]} Rxd2 {[%clk 0:02:28]} 26. Rxd2 {[%clk 0:05:50]} Nb4
{[%clk 0:02:15]} 27. Nd3 {[%clk 0:01:57]} Nxd3 {[%clk 0:02:12]} 28. Rxd3
{[%clk 0:02:06]} Bc6 {[%clk 0:02:14]} 29. Bb2 {[%clk 0:01:38]} Bxb2
{[%clk 0:02:04]} 30. Qxb2 {[%clk 0:01:47]} Bxg2 {[%clk 0:02:05]} 31. Kxg2
{[%clk 0:01:55]} Rd8 {[%clk 0:02:12]} 1/2-1/2

[Event "Russian Rapid Team Championship (m)"]
[Site "Sochi"]
[Date "2022.10.18"]
[Round "2.12"]
[White "Bryakin, Mikhail"]
[Black "Moiseenko, Vadim"]
[Result "1/2-1/2"]
[BlackElo "2429"]
[WhiteElo "2369"]
[LiveChessVersion "1.4.8"]

1. d4 {[%clk 0:15:18]} Nf6 {[%clk 0:15:06]} 2. c4 {[%clk 0:15:21]} e6
{[%clk 0:15:14]} 3. Nf3 {[%clk 0:15:29]} d5 {[%clk 0:15:21]} 4. g3
{[%clk 0:15:37]} Bb4+ {[%clk 0:15:17]} 5. Bd2 {[%clk 0:15:45]} a5
{[%clk 0:15:21]} 6. Bg2 {[%clk 0:15:44]} O-O {[%clk 0:15:16]} 7. a3
{[%clk 0:15:22]} Be7 {[%clk 0:15:01]} 8. Qc2 {[%clk 0:15:20]} b6 {[%clk 0:15:04]}
9. cxd5 {[%clk 0:14:55]} exd5 {[%clk 0:15:11]} 10. Nc3 {[%clk 0:14:57]} Bb7
{[%clk 0:13:56]} 11. O-O {[%clk 0:14:54]} Na6 {[%clk 0:13:40]} 12. Rfd1
{[%clk 0:13:56]} Qe8 {[%clk 0:13:32]} 13. Bf4 {[%clk 0:13:25]} Rd8
{[%clk 0:13:35]} 14. Rac1 {[%clk 0:12:42]} c5 {[%clk 0:12:55]} 15. Na4
{[%clk 0:11:40]} Qb5 {[%clk 0:12:03]} 16. Nc3 {[%clk 0:11:14]} Qc6
{[%clk 0:11:51]} 17. Ne5 {[%clk 0:10:11]} Qe6 {[%clk 0:11:58]} 18. Qb3
{[%clk 0:08:58]} cxd4 {[%clk 0:10:37]} 19. Nb5 {[%clk 0:08:40]} Bc5
{[%clk 0:10:41]} 20. Nf3 {[%clk 0:06:24]} Ne4 {[%clk 0:09:26]} 21. Nbxd4
{[%clk 0:06:14]} Qf6 {[%clk 0:09:03]} 22. Be5 {[%clk 0:05:09]} Qg6
{[%clk 0:07:51]} 23. Bf4 {[%clk 0:03:30]} Rfe8 {[%clk 0:07:39]} 24. Qb5
{[%clk 0:02:53]} Nd6 {[%clk 0:06:08]} 25. Qd3 {[%clk 0:02:40]} Ne4
{[%clk 0:04:07]} 26. Ne5 {[%clk 0:02:11]} Qf6 {[%clk 0:03:56]} 27. Ng4
{[%clk 0:02:13]} Qg6 {[%clk 0:02:55]} 28. Ne5 {[%clk 0:02:20]} Qf6
{[%clk 0:03:03]} 29. Ng4 {[%clk 0:02:29]} Qg6 {[%clk 0:03:00]} 30. Ne5
{[%clk 0:02:29]} 1/2-1/2